000 00256nam a22001097a 4500
041 _aeng
080 _a80
100 _aДевкин, В. Д.
245 _aДиалог. Немецкая разговорная речь.
650 _aGerman
999 _c279375
_d279375
942 _cBK